| 000 | 00813nam a22003130a 4500 | ||
|---|---|---|---|
| 001 | PT54527 | ||
| 003 | AR-LpoUNG | ||
| 005 | 20210131231625.0 | ||
| 008 | 191001s2004||||ag |||||||||||||||||spa d | ||
| 020 |
_a987503374X _c$57,63 |
||
| 040 |
_aAR-LpoUNG _bspa _cAR-LpoUNG _eaacr |
||
| 041 | _aspa | ||
| 044 | _aag | ||
| 082 | 0 | _a808.068 3 562bot | |
| 100 | 1 | _aShua, Ana María | |
| 245 | 1 | 0 | _aBotánica de caos |
| 250 | _a1ra. ed. | ||
| 260 |
_aBuenos Aires : _bPágina 12, _c2004. |
||
| 300 |
_a159 p. : _bfot. |
||
| 505 | 0 | _aSugerido a partir de 14 años (etiqueta VERDE) | |
| 650 | 4 | _aCUENTOS | |
| 650 | 4 | _aLITERATURA | |
| 651 | 4 | _aDOCUMENTOS TEORICOS O METODOLOGICOS | |
| 653 | _aLITERATURA INFANTOJUVENIL | ||
| 653 | _aTERROR | ||
| 700 | 1 |
_aRudy _epról. |
|
| 905 | _a54527 | ||
| 942 | _cLIB | ||
| 999 |
_c11090 _d11090 |
||